[Event "Belarus-ch Men 2022"]
[Site "Minsk"]
[Date "2022.01.19"]
[Round "11.1"]
[White "Fedorov, Alexei"]
[Black "Tsaruk, Maksim"]
[Result "1/2-1/2"]
[WhiteElo "2552"]
[BlackElo "2343"]
[Annotator "TA"]
[PlyCount "116"]
[EventDate "2022.01.09"]
[EventType "tourn"]
[EventCountry "BLR"]
[SourceTitle "playchess.com"]
[Source "ChessBase"]
[SourceQuality "1"]

{[%evp 9,116,8,13,11,18,16,30,31,29,17,14,12,27,6,2,10,24,21,24,18,22,5,36,24,22,13,11,14,13,16,22,13,20,12,9,6,6,18,18,5,22,22,22,22,22,22,22,20,47,0,6,14,9,0,21,0,25,16,27,16,27,28,27,27,27,27,32,32,32,27,32,32,33,11,27,0,29,4,52,53,53,41,34,0,45,38,120,45,88,30,38,38,45,30,30,0,30,30,30,-47,-47,-41,-32,-264,-243,-265,-141,-154,-122]} 1. e4 e5 2. Nf3 Nc6 3. Bc4 Bc5 4. c3 Nf6 5. d3 a6 6. a4 {C54: Giuoco Piano: 4 c3 Nf6, main lines with 5 d4 and 5 d3.} h6 7. O-O Ba7 8. Re1 {White has an edge.} O-O 9. h3 d6 10. Nbd2 Ne7 11. d4 {Nowadays more popular than 11.Nf1.} Nc6 {[%cal Re5d4]} 12. dxe5 {[#]} dxe5 $146 ({Predecessor:} 12... Nxe5 13. Nxe5 dxe5 14. Qe2 Re8 15. Rd1 Qd6 16. Nb3 Qc6 17. Bd3 Rd8 18. Na5 Qe8 {½-½ (30) Dominguez Perez,L (2762)-Mamedyarov,S (2772) Budva 2019}) 13. b4 Re8 14. Qb3 Be6 15. Nf1 Qd3 16. Bxd3 (16. Bxe6 {looks sharper.} Rxe6 17. Bb2 Qd7 18. Ng3 Rd6 19. Nf5) 16... Bxb3 17. N1d2 Be6 18. Nc4 Nd7 {[%cal Bf6d7,Bd7f8,Bf8e6][%mdl 32]} 19. a5 Rad8 {[%cal Od7c5]} 20. Bf1 f6 21. Be3 Nf8 22. Nfd2 {[%cal Bf3d2,Bd2b3,Bb3c5][%mdl 32]} Bxe3 23. Rxe3 Bf7 24. Nb3 Ne6 25. Nb2 {[%cal Bc4b2,Bb2a4,Ba4c5][%mdl 32]} Na7 {[%cal Bc6a7,Ba7c8,Bc8d6][%mdl 32]} 26. Na4 Nc8 27. Nbc5 Nd6 28. Rd3 {[%cal Od3d6]} Kf8 {[#]} 29. h4 (29. Rxd6 $1 $14 {feels stronger.} Rxd6 30. Nxb7) 29... Ke7 $11 30. Nxe6 Bxe6 31. Nc5 Bc8 32. f3 {[%cal Bf2f3,Bf3f4][%mdl 32]} h5 33. Kf2 Nf7 34. Ke3 Rxd3+ 35. Bxd3 Nd6 36. g3 Rd8 37. f4 g6 38. c4 c6 39. Rb1 Bg4 40. Rc1 Bc8 41. Na4 Be6 42. Nc5 Bf7 43. b5 Rb8 ({Don't play} 43... axb5 44. cxb5 Rb8 45. bxc6 bxc6 46. a6 $16) (43... cxb5 $11 44. cxb5 Rc8 45. fxe5 (45. bxa6 bxa6 46. Rc2 Rc6 $11) 45... fxe5) 44. b6 $14 Rd8 45. Nb3 Be6 46. Nc5 Bc8 (46... Bf7 $1 $11 {is more appropriate.}) 47. Be2 Bg4 (47... Nf7 $14) 48. Bf1 (48. fxe5 $16 fxe5 49. Bxg4 hxg4 50. Nd3) 48... Bc8 (48... Re8 $14) 49. Rc2 {White is more active.} (49. fxe5 $16 fxe5 50. Nd3) 49... Nf7 50. Be2 {Inhibits Rd1.} Rd4 51. Bd3 Rd8 52. Rc1 Kd6 53. Nb3 Ke7 54. Kd2 (54. Be2 $11) 54... exf4 $15 55. gxf4 g5 56. Kc3 $2 {[#]} (56. fxg5 $15 fxg5 57. hxg5) 56... gxf4 $19 ({Not} 56... gxh4 57. Rh1 $11) 57. Rg1 Bg4 {Prevents Be2.} (57... Ne5 $19 58. Nc5 f3 59. Rg7+ Kf8) 58. Nc5 $17 Ne5 {Weighted Error Value: White=0.20 (precise) /Black=0.11 (very precise)} 1/2-1/2

[Event "Belarus-ch Men 2022"]
[Site "Minsk"]
[Date "2022.01.19"]
[Round "11.2"]
[White "Lazavik, Denis"]
[Black "Siniauski, Artsiom"]
[Result "1/2-1/2"]
[WhiteElo "2465"]
[BlackElo "2301"]
[Annotator "RC"]
[PlyCount "65"]
[EventDate "2022.01.09"]
[EventType "tourn"]
[EventCountry "BLR"]
[SourceTitle "playchess.com"]
[Source "ChessBase"]
[SourceQuality "1"]
[TimeControl "40/5400+30:1800+30"]

1. d4 {[%emt 0:00:08]} Nf6 {[%emt 0:00:13]} 2. c4 {[%emt 0:00:20]} e6 {[%emt 0:00:13]} 3. Nc3 {[%emt 0:00:40]} Bb4 {[%emt 0:00:28]} 4. Qc2 {[%emt 0:00:24]} O-O {[%emt 0:01:41]} 5. a3 {[%emt 0:00:27]} Bxc3+ {[%emt 0:00:33]} 6. Qxc3 {[%emt 0:00:20]} b6 {[%emt 0:01:16]} 7. Bg5 {[%emt 0:00:26]} Bb7 {[%emt 0:02:40]} 8. f3 {[%emt 0:01:15]} h6 {[%emt 0:09:13]} 9. Bh4 {[%emt 0:02:15]} c5 {[%emt 0:00:56]} 10. dxc5 {[%emt 0:13:37]} bxc5 {[%emt 0:00:32]} 11. e3 {[%emt 0:07:39]} Nc6 {[%emt 0:09:15]} 12. Bd3 {[%emt 0:05:38]} Qa5 {[%emt 0:06:30]} 13. Ne2 {[%emt 0:07:43]} Qxc3+ {[%emt 0:08:46]} 14. Nxc3 {[%emt 0:00:16]} Ba6 {[%emt 0:00:07]} 15. Bxf6 {[%emt 0:13:37]} gxf6 {[%emt 0:00:07]} 16. Ne4 {[%emt 0:00:27]} Ne5 {[%emt 0:00:33]} 17. Be2 {[%emt 0:00:48]} Bxc4 {[%emt 0:26:34]} 18. Nxf6+ {[%emt 0:01:31]} Kg7 {[%emt 0:00:09]} 19. Nxd7 {[%emt 0:00:55]} Nxd7 {[%emt 0:00:08]} 20. Bxc4 {[%emt 0:00:07]} Ne5 {[%emt 0:00:08]} 21. Be2 {[%emt 0:05:13]} Rab8 {[%emt 0:02:14]} 22. f4 {[%emt 0:03:44]} Nc6 {[%emt 0:06:21]} 23. O-O-O {[%emt 0:01:02]} Rb3 {[%emt 0:00:23]} 24. Rd3 {[%emt 0:12:22]} Rfb8 {[%emt 0:00:11]} 25. Rxb3 {[%emt 0:00:43]} Rxb3 {[%emt 0:00:03]} 26. Bf3 {[%emt 0:01:04]} Na5 {[%emt 0:00:23]} 27. e4 {[%emt 0:08:34]} Nc4 {[%emt 0:09:36]} 28. Kc2 {[%emt 0:00:31]} Rb6 {[%emt 0:00:19]} 29. Rb1 {[%emt 0:01:47]} e5 {[%emt 0:00:16]} 30. f5 {[%emt 0:02:00]} Kf6 {[%emt 0:00:33]} 31. h4 {[%emt 0:04:00]} Ke7 {[%emt 0:00:03]} 32. g4 {[%emt 0:01:24]} f6 {[%emt 0:00:03]} 33. Be2 {[%emt 0:06:03]} 1/2-1/2

[Event "Belarus-ch Men 2022"]
[Site "Minsk"]
[Date "2022.01.19"]
[Round "11.3"]
[White "Runets, Ivan"]
[Black "Lutsko, Igor"]
[Result "0-1"]
[WhiteElo "2240"]
[BlackElo "2305"]
[Annotator "TA"]
[PlyCount "100"]
[EventDate "2022.01.09"]
[EventType "tourn"]
[EventCountry "BLR"]
[SourceTitle "playchess.com"]
[Source "ChessBase"]
[SourceQuality "1"]

{[%evp 15,100,0,3,-8,-14,-49,-55,-66,-47,-45,-47,-84,-67,-57,-56,-97,-106,-89,-50,-41,-48,-63,-31,-18,-14,-21,-5,-19,-16,-147,-154,-147,-140,-184,-187,-364,-347,-348,-345,-343,-345,-418,-377,-341,-178,-593,-112,-121,-114,-93,-66,-161,-139,-267,-265,-271,-263,-469,-434,-458,-306,-172,-72,-353,0,-177,0,-335,-379,-384,-368,-369,-377,-764,-759,-1507,0,-8,0,-276,-80,-276,-266,-29980,-29980,-29982,-29970]} 1. d4 {ChessBase II} d5 2. Nf3 c6 3. g3 Bf5 4. Bg2 e6 5. O-O Nf6 6. c4 Be7 7. b3 Nbd7 8. Bb2 O-O 9. Nfd2 {D11: Slav Defence: 3 Nf3 sidelines and 3...Nf6 4 e3 Bg4.} b5 {[#]} 10. cxb5 $146 ({Predecessor:} 10. c5 Qc7 11. Nf3 Ne4 12. Nbd2 Bf6 13. Qc1 a5 14. a3 Rfe8 15. Re1 e5 16. dxe5 Nxe5 {0-1 (41) Meskovs,N (2440)-Frick,C (2246) Vaujany 2014 EXT 2017 [ChessBase II]}) 10... cxb5 {[%cal Bc6b5,Bb5b4][%mdl 32]} 11. Nc3 {Black is slightly better.} b4 12. Na4 Rc8 13. f3 Bc2 14. Qe1 Nb6 15. Nxb6 (15. Nc5 $15) 15... Qxb6 $17 16. Rf2 h5 17. e4 Bd3 $36 {[%mdl 2048] Threatens to win with ...Rc2. White is under pressure.} 18. Qe3 Qa6 {Black is much more active.} 19. e5 Nd7 20. Bf1 Bxf1 21. Nxf1 Rc6 22. g4 (22. f4 $11 {keeps the balance.}) 22... hxg4 23. fxg4 f6 {Prevents g5.} 24. Ng3 (24. Qe2 $17) 24... fxe5 $19 25. Raf1 (25. Rxf8+ {was the only defense.} Kxf8 26. dxe5) 25... Rcc8 ({Not} 25... Qxa2 26. Ra1 exd4 27. Qxd4 (27. Rxa2 $2 dxe3 28. Rxf8+ Bxf8 $19) 27... Qxa1+ 28. Bxa1 Rc1+ 29. Nf1 $16) 26. dxe5 Rxf2 27. Rxf2 ({Of course not} 27. Qxf2 Rf8 28. Qe3 Rxf1+ 29. Nxf1 Qxa2) 27... Qxa2 28. Kg2 Rf8 29. Re2 Bh4 (29... Bc5 $142 30. Qd3 Rf2+ $1 {[%mdl 512]} 31. Rxf2 Bxf2) 30. Bc3 $2 (30. Kh3 {is more resistant.} Be7 31. g5) 30... Qa5 $2 (30... Qxb3 $19 {has better winning chances.} 31. Bd4 Qxe3 32. Bxe3 a5) 31. Bd4 $17 Bxg3 32. Kxg3 Rc8 {To avoid Rc2. Strongly threatening ...Nc5.} 33. h4 (33. Qd3 $15) 33... Nc5 $19 34. Kg2 (34. Bxc5 $17 Rxc5 35. Kh2) 34... Ne4 35. g5 Qb5 36. h5 $2 (36. Ra2) 36... a5 37. g6 Qd7 38. Qh3 (38. h6 $142) 38... Qe7 (38... Rf8 $19 {White must now prevent ...Qc6.} 39. Rc2 Rf5) 39. Qg4 $2 {[%mdl 8192]} (39. Kh2 $17) 39... Qd7 $2 ({Black should play} 39... a4 $1 $19 40. Rb2 axb3 41. Rxb3 Rc2+ 42. Kg1 Nd2) 40. Ra2 $2 (40. Qh3 $1 $11) 40... Ra8 $2 (40... Qc6 $1 $19 {...Rf8 is the strong threat.} 41. h6 gxh6) 41. Bb6 $2 {[%mdl 8192]} (41. Kh2 $11 {and White is okay.}) 41... Qc6 $1 42. Bd4 Rf8 {[%cal Oa5a4]} 43. Qd1 Nc3 44. Qc1 (44. Rc2 a4 45. Qe1) 44... a4 45. h6 gxh6 $2 ({Better is} 45... Qe8 $19 46. Bxc3 Qxg6+ 47. Kh2 bxc3 48. Qxc3 Rf1 49. Qc8+ Kh7) 46. Qxh6 {[%csl Gg6][%cal Rh6h7]} Qb7 {To avoid Qh7+} 47. Ra1 {[%mdl 8192] [#]} (47. Qh3 $1 $11 Nxa2 48. Qxe6+ Kg7 49. Qh3 Kxg6 50. Qg4+ Kf7 51. Qh5+ Ke7 52. Bc5+ Ke6 53. Qh6+ Kxe5 54. Qxf8) 47... Qg7 $2 {The board is on fire.} (47... a3 $1 $19 {and Black stays clearly on top. aiming for ...Rf5.} 48. Rc1 Ne2) 48. Qh5 {[#]} (48. Qg5 $17 {is the only way for White.}) 48... Rf5 $1 (48... axb3 {gets mated.} 49. Ra7 Qh8 50. Rh7) 49. Qg4 (49. Qh7+ $19 Qxh7 50. gxh7+ Kxh7 51. bxa4) 49... Qh6 50. Rh1 {[#]} Rg5 $1 {[%mdl 512] Weighted Error Value: White=1.09/Black=0.48} 0-1

[Event "Belarus-ch Men 2022"]
[Site "Minsk"]
[Date "2022.01.19"]
[Round "11.5"]
[White "Zarubitski, Viachaslau"]
[Black "Volianuk, Vitaly"]
[Result "1-0"]
[WhiteElo "2413"]
[BlackElo "2267"]
[Annotator "TA"]
[PlyCount "155"]
[EventDate "2022.01.09"]
[EventType "tourn"]
[EventCountry "BLR"]
[SourceTitle "playchess.com"]
[Source "ChessBase"]
[SourceQuality "1"]

{[%evp 15,155,12,33,39,45,41,61,36,51,41,38,14,32,24,30,0,0,0,-2,-40,-45,-76,-69,-64,-75,-83,0,-52,0,-102,-100,-117,-103,-116,-105,-108,-118,-133,-137,-138,-131,-140,-145,-152,-141,-137,-121,-147,-101,-87,-90,-111,-99,-99,-78,-81,-70,-97,-93,-75,-57,-57,-57,-87,-90,-87,-92,-79,-57,-58,-58,-79,-58,-94,-94,-94,-94,-108,-108,-108,-108,-108,-108,-108,-82,-119,-97,-108,-108,-108,-85,-85,-85,-109,-38,-38,-44,-54,-61,-97,-33,-45,-33,-67,-33,-33,0,-46,0,-33,0,-77,0,-33,0,-97,-97,-97,-100,-104,-131,-91,0,0,0,0,12837,12837,12838,12838,12838,12838,12841,12842,12842,12843,12843,12843,12844,12843,12845,12845]} 1. e4 g6 2. d4 Bg7 3. Nf3 d6 4. c3 Nd7 5. Bd3 e5 6. O-O Ngf6 7. Re1 O-O 8. Nbd2 c6 {8...b6 is becoming the main line.} 9. a4 {B07: Pirc Defence: Miscellaneous Systems.} b6 {[%cal Bb7b6,Bb6b5][%mdl 32]} 10. Nc4 Qc7 11. Bg5 {White is more active. White is slightly better.} h6 12. Bh4 Re8 13. Qc2 {[#]} Bb7 $146 ({Predecessor:} 13... a6 14. b4 Bb7 15. Rad1 Re6 16. Qb1 Rae8 17. h3 Nh5 18. b5 cxb5 19. axb5 g5 {1-0 (43) Schneider,S (2335)-Grabliauskas,V (2455) Manhem 1999}) 14. Rad1 b5 15. Ncd2 a6 16. Bf1 Nh5 17. dxe5 dxe5 18. c4 {[%cal Rc4b5]} bxa4 19. Qxa4 a5 20. Qc2 Nf4 (20... Bf8 $17) 21. Bg3 ({White should play} 21. c5 $1 $11) 21... Nh5 (21... Nc5 $15) 22. Nb1 (22. Bh4 $1 $11 {keeps the balance.}) 22... Nxg3 23. hxg3 Nc5 24. Nc3 Bc8 25. Na4 Bf8 26. Nd2 Nxa4 27. Qxa4 Rb8 28. Nb3 Bb4 29. Re3 Be6 30. Ra1 Ra8 31. Rc1 c5 ({Better is} 31... Red8 32. c5 Rab8) 32. Rd1 $17 Red8 33. Red3 Rxd3 34. Bxd3 Rd8 {[%cal Oe6c4] Hoping for ...Bxc4!} 35. Nc1 Rd6 36. Qc2 Qd8 37. b3 h5 38. Be2 Rxd1+ 39. Bxd1 Qd4 40. Ne2 Qd2 {And now ...Qe1+ would win.} 41. Nc1 Qxc2 (41... Qe1+ {is interesting.} 42. Kh2 Ba3 43. Na2 Kh7 44. Bf3 Bb4) 42. Bxc2 {[%mdl 4096] Endgame KBB-KBN} Bc3 43. Kf1 Kf8 44. Ke2 Ke7 45. Kd3 Bd4 46. f3 Bf2 47. Ne2 Kd6 48. Kd2 Kc6 49. Bd3 Kb6 50. Kc2 Ka6 51. Kb2 Be1 52. Ka3 f6 53. Kb2 Bd7 54. Bc2 a4 (54... Kb7 $17 55. Kc1 Kc6) 55. bxa4 $15 Ka5 56. Ka3 Bd2 {[%mdl 1024] Black has compensation.} 57. Bd1 Bb4+ ({Black should try} 57... g5 $17) 58. Kb2 Be1 59. Ka3 Be6 60. Kb3 Bd7 61. Ka3 $1 Bb4+ 62. Kb2 Be1 (62... Be6 $15 63. Kb3 Bd7) 63. Ka3 $17 Bb4+ (63... Bd2 $17) 64. Kb2 $15 Be1 65. Bb3 (65. Ka3 $11) 65... Bxa4 $17 66. Bxa4 Kxa4 {KB-KN} 67. Kc2 Kb4 68. Kd3 Kb3 (68... g5 $1 $17) 69. g4 $1 $11 h4 70. f4 $1 g5 $2 {[%mdl 8192]} (70... Kb2 $11) 71. fxg5 {White is clearly winning.} fxg5 {[#]} 72. Ng1 $1 Bg3 {[#]} 73. Nh3 $1 Kb2 74. Nxg5 {Nf3 would kill now.} Kc1 75. Nf3 Kd1 76. g5 {[%cal Bg4g5,Bg5g6][%mdl 32] White threatens g6 and mate.} Bf4 77. g6 {Threatening mate with g7.} Bh6 78. Nxh4 {Quite a comeback for White.  Weighted Error Value: White=0.16 (very precise) /Black=0.12 (very precise)} 1-0

[Event "Belarus-ch Men 2022"]
[Site "Minsk"]
[Date "2022.01.19"]
[Round "11.6"]
[White "Aleksandrov, Aleksej"]
[Black "Stribuk, Artiom"]
[Result "1-0"]
[WhiteElo "2502"]
[BlackElo "2210"]
[Annotator "TA"]
[PlyCount "61"]
[EventDate "2022.01.09"]
[EventType "tourn"]
[EventCountry "BLR"]
[SourceTitle "playchess.com"]
[Source "ChessBase"]
[SourceQuality "1"]

{[%evp 9,61,52,55,23,34,0,0,-11,-8,0,60,49,34,36,22,37,26,24,20,10,47,26,57,37,22,0,-9,4,56,49,82,76,129,114,148,163,154,118,130,100,104,94,168,180,214,203,305,307,302,278,281,247,381,384]} 1. c4 Nf6 2. Nc3 g6 3. e4 e5 4. Nf3 Bg7 5. Nxe5 O-O 6. d4 {A16: English Opening: 1...Nf6 with ...d5.} Re8 {[%cal Oc7c5]} 7. Be3 {[%cal Oe5f7] [#]} c5 $146 ({Predecessor:} 7... d6 8. Nf3 Nxe4 9. Nxe4 Rxe4 10. Bd3 Re8 11. O-O Nc6 12. d5 Ne5 13. Nxe5 Bxe5 {½-½ (38) Boruchovsky,A (2541)-Salimova,N (2353) Chess.com INT 2022}) 8. Bd3 {The position is equal.} cxd4 $1 9. Bxd4 d6 (9... Nc6 $11 10. Nxc6 dxc6 11. Bxf6 Qxf6) 10. Nf3 $14 Nc6 11. O-O Nxd4 12. Nxd4 Qb6 {[%csl LRb2,LRd4]} 13. Nb3 Be6 14. a4 a5 15. Nb5 Nd7 16. Qc2 Rac8 17. Rab1 Ne5 18. Nd2 h5 (18... d5 $11) 19. b3 h4 20. h3 Bh6 ({Black should try} 20... Bd7) 21. Rbd1 $16 Bf4 22. Be2 Qc5 23. Kh1 Bd7 24. Nc3 {[#] Nd5 is the strong threat.} Bc6 25. Ndb1 Bh6 (25... Rb8 $16 26. Rd5 Bxd5 27. Nxd5 Bh6) 26. Nd5 $18 Bg7 27. Nbc3 {aiming for f4. Pair of Knights!} Nd7 (27... Bxd5 {was worth a try.} 28. Rxd5 (28. Nxd5 Nc6 $18) 28... Qb6) 28. Bg4 Rcd8 29. Bxd7 Rxd7 30. f4 {[%cal Oe4e5,Bf2f4,Bf4f5][%mdl 32] Hoping for e5!} Rdd8 (30... f5 {was called for.} 31. Rfe1 (31. exf5 gxf5 32. Rfe1 Rxe1+ 33. Rxe1 Rf7 $18) 31... Rf7 32. exf5 Rxe1+ 33. Rxe1 gxf5) 31. f5 {Weighted Error Value: White=0.10 (very precise) /Black=0.25 (precise)} 1-0